000
00287nam a2200121Ia 4500
008
231129s9999||||xx |||||||||||||| ||spa||
082
_a
I823 C623f
100
_a
Cleland John
245
0
_a
Fanny Hill : memorias de una cortesana
260
_c
198
264
_a
s.n.]
942
_2
ddc
_c
BKS
999
_c
13875
_d
13875